000 01211nam a22002897i 4500
003 EG-GICUC
005 20260217140622.0
008 260217s2007 ua |||fr|||| 000 0 ara d
040 _a EG-GICUC
_bara
_c EG-GICUC
_d EG-GICUC
_erda
041 0 _aara
082 0 4 _221
_a341.78
_bهـ ش . م
092 0 4 _221
099 _aLaw1 11 341.78 هـ ش . م 2007
100 0 _aهشام خالد
_eمؤلف.
245 1 0 _aماهية العقد الدولي :
_bدراسة فقهية قضائية مقارنة في الأنظمة القانونية الأنجلوسكسونية - اللاتينية - العربية والإتفاقيات الدولية /
_cتأليف هشام خالد.
264 1 _aالأسكندرية :
_bمنشأة المعارف ،
_c2007.
300 _a321 صفحة؛
_c24 سم
336 _2rda content
_atext
337 _2rda media
_aComputer
338 _2rda carrier
_aOnline Resource
504 _aيشتمل على إرجاعات ببيلوجرافية.
650 1 4 _aالقانون الدولي العام
_vتشريع - تعاون دولي
_2qrmak
651 1 _2qrmak
856 4 0 _uhttps://fll.law.cu.edu.eg/fulltext/bks/B11-04917.pdf
905 _a56
942 _2ddc
_cBK
_e21
_n0
999 _c63277
_d63277